000 00467nam a2200169Ia 4500
005 20250612165831.0
008 008 250505s9999 xx 000 0 eng d
020 _a9789393850744
040 _beng
_cILCL
041 _aeng
_2eng
084 _aZ73:8 R4
100 _aStone, Harlan F
_9695543
245 0 _aLaw and its Administration
260 _aDelhi
_bLaw and Justice Publishing Company
_c2024
300 _avii,232p.
942 _cTB
_2Colon Classification
999 _c1312038
_d1312038